00329nam a2200121Ia 4500008004100000041000800041082001400049100001600063245004500079260003900124300003200163365001200195240624s9999 xx 000 0 und d aeng a338.8 WOU aWOUTERS JAN aGLOBAL GOVERNANCE THROUGH TRADE EU POLIC c2015aUnited KingdombEdward Elgar aviii, : 372 : p. : cm. ; 23 cGBPb30